000 00878cam a2200277 4500
001 B1615
008 090401t1988 xxu||||| |||| 00| 0 eng d
035 _a(Sirsi) u45457
041 _aeng
050 _a711.558
090 _aRICS 1988/9 ABC
110 _aInstitution and College Conferences
_92330
245 4 _aThe changing face of British Ports. One-day forum held on the 24th March 1988 in Southampton
260 _c1988
300 _a4 papers
350 _a0
520 _aPapers by Bedford,Paul , Rige,M.J. , Shaw,David and Wark,Donald . Includes programme and some paper synopses, biographical notes and list of participants. N.B. Not all papers printed.
650 _aCONFERENCE
650 _aDOCKLAND REDEVELOPMENT
650 _aLEISURE
650 _aPORTS
650 _aSOUTHAMPTON
650 _aWATER SPORTS
942 _n0
948 _c04/03/1997
999 _c91728
_d91728